| 000 | 00413nam a22001337a 4500 | ||
|---|---|---|---|
| 020 | _a9781628251845 | ||
| 040 | _cNUST | ||
| 082 |
_a658.404 _bGUI |
||
| 100 |
_aGuide Pmbok _991910 |
||
| 245 | _aA Guide To the Project Management Body of Knowledge | ||
| 260 |
_aNewtown Square PA: _bProject Management Institute, _c2017. |
||
| 650 |
_aA Guide To the Project Management Body of Knowledge _991911 |
||
| 942 |
_2ddc _cBK |
||
| 999 |
_c609667 _d609667 |
||